There will be blood Θα χυθεί αίμα

Στην ανατολή του 20ου αιώνα, ένας επιχειρηματίας γίνεται μεγιστάνας όταν κερδίζει δικαιώματα εκμετάλλευσης της γεμάτης πετρέλαιο γης ενός οικογενειακού ράντσου, μετατρέποντας το χωριό σε βιομηχανική πόλη. Αν και η επιχείρηση πετυχαίνει και το πετρέλαιο ρέει άφθονο από τα πηγάδια, τίποτα δεν παραμένε...

Πλήρης περιγραφή

Αποθηκεύτηκε σε:
Λεπτομέρειες βιβλιογραφικής εγγραφής
Άλλοι συγγραφείς: Anderson, Paul Thomas (Διευθυντής), Day-Lewis, Daniel (Ηθοποιός)
Μορφή: Διαφάνειες
Γλώσσα:English
Multiple
Δημοσίευση: [S.l.] : Buena Vista Home Entertainment, [2007].
Θέματα:
Ετικέτες: Προσθήκη ετικέτας
Δεν υπάρχουν, Καταχωρήστε ετικέτα πρώτοι!

MARC

LEADER 00000cgm a2200000 i 4500
001 1/99842
008 081219s2007####xx ||| | || ||eng||
035 |l 10102622 
040 |a GR-MyUa  |b gre  |e AACR2 
041 0 |a eng  |j mul 
082 7 |a 791.437   |2 (22)  
245 0 0 |a There will be blood   |h [μαγνητοσκόπηση] =   |b Θα χυθεί αίμα /   |c πρασαρμογή σεναρίου-σκηνοθεσία Paul Thomas Anderson.  
246 2 1 |i Παράλληλος τίτλος:   |a Θα χυθεί αίμα   |h [μαγνητοσκόπηση]  
260 |a [S.l.] :   |b Buena Vista Home Entertainment,   |c [2007].  
300 |a 1 βιντεοδίσκος (152 λεπτ.) :   |b ομίλ., έγχρ. ;   |c 4 3/4 ίν.  
500 |a Κυκλοφόρησε πρώτη φορά ως κινηματογραφική ταινία το 2007. 
508 |a Πρωτότυπη μουσική, Jonny Greenwood ; κοστούμια, Mark Bridges ; μοντάζ, Dylan Tichenor ; σχεδιασμός παραγωγής, Jack Fisk ; φωτογραφία, Robert Elswit ; εκτέλεση παραγωγής, Scot Rudin, Eric Schlosser, David Williams ; παραγωγή, Joanne Sellar, Paul Thomas Anderson, Daniel Lupi ; βασισμένο στο βιβλίο "Oil" του Upton Sinclair.  
511 0 |a Daniel Day-Lewis, Paul Dano, Kevin J. O'Connor, Ciaran Hinds, Dillon Freasier.  
520 8 |a Στην ανατολή του 20ου αιώνα, ένας επιχειρηματίας γίνεται μεγιστάνας όταν κερδίζει δικαιώματα εκμετάλλευσης της γεμάτης πετρέλαιο γης ενός οικογενειακού ράντσου, μετατρέποντας το χωριό σε βιομηχανική πόλη. Αν και η επιχείρηση πετυχαίνει και το πετρέλαιο ρέει άφθονο από τα πηγάδια, τίποτα δεν παραμένει το ίδιο καθώς κάθε ανθρώπινη αξία - αγάπη, ελπίδα, φιλοδοξία, ακόμα κι η σχέση πατέρα-γιου θα δηλητηριαστεί από τη διαφθορά και την εξαπάτηση.  
521 8 |a Ακατάλληλο κάτω των 15 ετών.  
546 |a Στα αγγλικά με ελληνικούς υπότιτλους.  
586 8 |a Βραβείο Όσκαρ Α' ανδρικού ρόλου, 2007 
586 8 |a Βραβείο Όσκαρ φωτογραφίας, 2007 
586 8 |a Αργυρή Άρκτος, Φεστιβάλ Βερολίνου 2008 
586 8 |a Βραβείο Σκηνοθεσίας, Φεστιβάλ Βερολίνου 2008 
586 8 |a Βραβείο Α' ανδρικού ρόλου, BAFTA 2008 
655 7 |a Feature films  |2 lcgft 
650 0 |a Oil industry workers  |z California  |v Drama. 
700 1 |a Anderson, Paul Thomas,  |e drt 
700 1 |a Day-Lewis, Daniel,  |e act 
852 |a INST  |b SYROS  |c AV  |e 20081219  |h 791.437 AND  |p 005500008815  |q 005500008815  |t DVD  |y 23 
901 |a BIBL5-2008-1 
922 |a 5ΕΛΗ  |b 200810  |c Βιβλιοθήκη Σύρου  |d DVD Club Enter 
970 |a Κοντού  |b Παρασκευή  |z 19/12/2008